Guess the singer - A - Statistics

General Stats
  • This quiz has been taken 243 times
    241 since last reset
  • The average score is 11 of 25
Answer Stats
Song Artist % Correct
Mamma Mia ABBA
90%
Hello Adele
89%
Rehab Amy Winehouse
79%
Take On Me A-ha
75%
Back in Black AC/DC
73%
Dream On Aerosmith
67%
Complicated Avril Lavigne
65%
Respect Aretha Franklin
61%
Wake Me Up Avicii
61%
Into You Ariana Grande
53%
Sweet But Psycho Ava Max
52%
Smack That Akon
39%
Faded Alan Walker
39%
If I Ain't Got You Alicia Keys
36%
Poison Alice Cooper
33%
You Oughta Know Alanis Morissette
32%
2002 Anne-Marie
29%
Gives You Hell The All-American Rejects
28%
Locked Away Adam Levine
20%
Whataya Want From Me Adam Lambert
16%
Best Day of My Life American Authors
16%
Praise the Lord A$AP Rocky
15%
Plain Jane A$AP Ferg
10%
Stay Alessia Cara
9%
Keep Your Head Up Andy Grammar
6%
No matching quizzes found
Score Distribution
Percent of People with Each Score
Percentile by Number Answered
Your Score History
You have not taken this quiz since the last reset